Mesterséges fácánnevelés a pitvarosi Petőfi Vadásztársaság területén
Elmentve itt :
| Szerző: | |
|---|---|
| További közreműködők: | |
| Dokumentumtípus: | Szakdolgozat |
| Megjelent: |
1999
|
| Kulcsszavak: | Fácánnevelés Pitvaros |
| Tárgyszavak: | |
| Online Access: | http://diploma.bibl.u-szeged.hu/100449 |
| LEADER | 00721nta a2200217 i 4500 | ||
|---|---|---|---|
| 001 | dipl100449 | ||
| 005 | 20211124083336.0 | ||
| 008 | 211124s1999 hu om 0|| hun d | ||
| 040 | |a SZTE Diploma Repozitórium |b hun | ||
| 041 | |a hun | ||
| 100 | 1 | |a Nemes Boglárka | |
| 245 | 1 | 0 | |a Mesterséges fácánnevelés a pitvarosi Petőfi Vadásztársaság területén |h [elektronikus dokumentum] / |c Boglárka Nemes |
| 260 | |c 1999 | ||
| 300 | |a 40 | ||
| 650 | 4 | |a Agrár | |
| 650 | 4 | |a Agricultural sciences | |
| 650 | 4 | |a Animal and Dairy science | |
| 695 | |a Fácánnevelés | ||
| 695 | |a Pitvaros | ||
| 700 | 1 | |a Sófalvy Ferenc |e ths | |
| 856 | 4 | 0 | |u http://diploma.bibl.u-szeged.hu/id/eprint/100449/1/1999_nemes_boglarka.pdf |z Dokumentum-elérés |